| 000 | 005870000a22001810004500 | ||
|---|---|---|---|
| 003 | MACL | ||
| 005 | 20160120125933.0 | ||
| 008 | 160120b xxu||||| |||| 00| 0 eng d | ||
| 040 |
_aMACL _cMACL |
||
| 041 | _aHindi | ||
| 082 | _a001/BHA | ||
| 100 |
_aतिवारी एवं पाण्डेय _933597 |
||
| 245 | _aसामान्य ज्ञान दिग्दर्शन 2003 | ||
| 260 |
_bप्रयाग पुस्तक भवन _c2003 _aइलाहाबाद |
||
| 350 | _a240 | ||
| 650 |
_aGeneralities _91354 |
||
| 942 |
_cHIN _k001/BHA _2ddc |
||
| 999 |
_c30856 _d30856 |
||